000 00592nam a22001817a 4500
999 _c174357
_d174357
005 20200610131240.0
010 _aENG-128181
020 _c225.00
_a9789353222802
035 _aEN-111713
037 _bDBAD/PUB
082 _a370.113
100 _aB.Ramaswamy
245 _aSkill Development in India/
_cby B.Ramaswamy, R. Sasikala Pushpa [and] Gururaj M.B
260 _aNew Delhi
_bPrabhat Prakashan
_c2019
270 _a4/19 Asaf Ali Road
_bNew Delhi
_e110002
_k91-11-23289777
_mprabhatbooks@gmail.com
300 _ax;184p.
_c22cm(pbk)
942 _2ddc
_cEN
_h370.113
_mRAM